První emise komunálních obligací. Jak řešit finanční problémy měst a obcí.
Komunálne obligácie sú úverové cenné papiere emitované verejno-právnymi inštitúciami a miestnymi správnymi orgánmi s cieľom finančného pokrytia prevádzkových kapitálových potrieb. Zákonná úprava v tejto oblasti v ČR. Prvá emisia komunálnych obligácií. Dôležité informácie pre investora. Budúcnosť kom...
Gespeichert in:
| 1. Verfasser: | |
|---|---|
| Format: | Buchkapitel |
| Sprache: | Tschechisch |
| Schlagworte: | |
| Tags: |
Keine Tags, Fügen Sie das erste Tag hinzu!
|
MARC
| LEADER | 00000naa a2200000 4500 | ||
|---|---|---|---|
| 001 | r013025 | ||
| 005 | 20221205075659.7 | ||
| 041 | 0 | |a cze | |
| 044 | |a CZ | ||
| 245 | 1 | 0 | |a První emise komunálních obligací. |b Jak řešit finanční problémy měst a obcí. |c N. Vandurková |
| 520 | |a Komunálne obligácie sú úverové cenné papiere emitované verejno-právnymi inštitúciami a miestnymi správnymi orgánmi s cieľom finančného pokrytia prevádzkových kapitálových potrieb. Zákonná úprava v tejto oblasti v ČR. Prvá emisia komunálnych obligácií. Dôležité informácie pre investora. Budúcnosť komunálnych obligácií. | ||
| 610 | 2 | 0 | |a obligácie komunálne |
| 610 | 2 | 0 | |a papiere cenné |
| 610 | 2 | 0 | |a správa verejná |
| 610 | 2 | 0 | |a financovanie |
| 610 | 2 | 0 | |a mestá |
| 610 | 2 | 0 | |a obce |
| 610 | 2 | 0 | |a Čechy |
| 610 | 2 | 0 | |a predpisy právne |
| 610 | 2 | 0 | |a emisia |
| 100 | 1 | |a Vandurková, N. | |